• 首页
  • 本馆介绍
  • 公告通知
  • 最新文献
  • 馆藏检索
  • 电子资源
  • 读者导购
  • 参考咨询
  • 我的图书馆
  • 登录
  • 详细信息显示
  • 放入我的书架
  • 预约/预借图书
  • 作者相关作品
  • 分类相关作品
  • 丛书相关作品
  • 出版社相关作品

书目信息

  • 表格格式
  • 工作单格式
  • 卡片格式
题名:
国内外技术法规和标准中食品微生物限量
    
 
作者: 中华人民共和国广东出入镜检验检疫局 编译
分册:  
出版信息: 北京   中国标准出版社  2002.09
页数: 392页
开本: 26cm
丛书名:
单 册:
中图分类: TS207.4-65 , TS207.4
科图分类:
主题词: 食品工业
电子资源:
ISBN: 7-5066-2904-6
000 00965nam0 2200229 450
001 0744704986
005 20080105133744.61
010    @a7-5066-2904-6@b精装@dCNY85.00
100    @a20071226d2002 km y0chiy0120 ea
101 0  @achi
102    @aCN@b110000
200 1  @a国内外技术法规和标准中食品微生物限量@Aguo nei wai ji shu fa gui he biao zhun zhong shi pin wei sheng wu xian liang@f中华人民共和国广东出入镜检验检疫局编译@Fzhong hua ren min gong he guo guang dong chu ru jing jian yan jian yi ju bian yi
210    @a北京@c中国标准出版社@d2002.09
215    @a392页@d26cm
330    @a全书涉及近700种食品,列了了100多种微生物/代谢物的5000多条限量规定及150多种取样计划。
606 0  @a食品工业
690    @aTS207.4-65@v3
690    @aTS207.4@v4
701  0 @a中华人民共和国广东出入镜检验检疫局@Azhong hua ren min gong he guo guang dong chu ru jing jian yan jian yi ju@4编译
801  0 @aCN@bNISOFT@c20080105
905    @aBZT@dTS207.4@e1
906    @dCNY85.00@n0@r1
    
    国内外技术法规和标准中食品微生物限量/中华人民共和国广东出入镜检验检疫局编译.-北京:中国标准出版社,2002.09
    392页;26cm
    
    
    ISBN 7-5066-2904-6(精装):CNY85.00
    全书涉及近700种食品,列了了100多种微生物/代谢物的5000多条限量规定及150多种取样计划。
●
相关链接 在五车中查询图书 在当当中查询图书 在豆瓣中查询图书


正题名:国内外技术法规和标准中食品微生物限量     索取号:TS207.4/1         预约/预借

序号 登录号 条形码 馆藏地/架位号 状态 备注
1 609225   2000609225   中心书库中库/ 中库025架A面4列1层27/ [索取号:TS207.4/1] 在馆    
2 609226   2000609226   中心书库中库/ 中库025架A面4列1层35/ [索取号:TS207.4/1] 在馆    
3 609227   2000609227   中心书库中库/ 中库025架A面4列1层31/ [索取号:TS207.4/1] 在馆    
4 609228   2000609228   中心书库中库/ 中库025架A面4列1层30/ [索取号:TS207.4/1] 在馆    
5 609229   2000609229   中心书库中库/ 中库025架A面4列1层32/ [索取号:TS207.4/1] 在馆    
6 609230   2000609230   中心书库中库/ 中库025架A面4列1层29/ [索取号:TS207.4/1] 在馆    
7 609231   2000609231   中心书库中库/ 中库025架A面4列1层28/ [索取号:TS207.4/1] 在馆    
8 609232   2000609232   中心书库中库/ 中库025架A面4列1层34/ [索取号:TS207.4/1] 在馆    
9 609233   2000609233   中心书库中库/ 中库025架A面4列1层36/ [索取号:TS207.4/1] 在馆    
10 609234   2000609234   中心书库中库/ 中库025架A面4列1层33/ [索取号:TS207.4/1] 在馆    
山东省滨州职业学院图书馆 欢迎您!
大连网信软件有限公司© 版权所有